[Event "Polka Ladies-Veterans"]
[Site "Prague CZE"]
[Date "1995.07.02"]
[Round "2"]
[White "Cramling, Pia"]
[Black "Kortschnoj, Viktor"]
[Result "1-0"]
[WhiteElo "2510"]
[BlackElo "2635"]
[EventDate "1995.07.01"]
[PlyCount "83"]

1.d4 Nf6 2.c4 e6 3.Nf3 d5 4.Nc3 c6 5.Bg5 h6 6.Bxf6 Qxf6 7.e3 Nd7 8.Bd3 g6 
9.cxd5 exd5 10.O-O Bg7 11.b4 Qd6 12.Qb3 Nb6 13.a4 Be6 14.Nd2 Nd7 15.Ne2 
O-O 16.Rfc1 Rfe8 17.Rab1 Rac8 18.a5 Bg4 19.Nc3 Be6 20.Qc2 f5 21.Nb3 b6 22.
Ba6 Rb8 23.Bd3 Nf6 24.axb6 axb6 25.Ne2 Bd7 26.Nf4 g5 27.Ne2 Ng4 28.Ng3 Rf8
29.Nf1 f4 30.e4 f3 31.e5 Qxb4 32.g3 Qe7 33.h3 Nxe5 34.dxe5 c5 35.Ne3 Be6 
36.Nf5 Qd7 37.Nxg7 Kxg7 38.Nxc5 bxc5 39.Qxc5 Bxh3 40.Rb6 Rbc8 41.Rg6+ Kh7 
42.Rd6+ 1-0

[Event "Polka Ladies-Veterans"]
[Site "Prague CZE"]
[Date "1995.07.02"]
[Round "2"]
[White "Polgar, Zsuzsa"]
[Black "Portisch, Lajos"]
[Result "1/2-1/2"]
[WhiteElo "2565"]
[BlackElo "2615"]
[EventDate "1995.07.01"]
[PlyCount "44"]

1.d4 Nf6 2.c4 e6 3.Nf3 d5 4.g3 Be7 5.Bg2 O-O 6.O-O Nbd7 7.Qc2 c6 8.Bf4 b6 
9.Rd1 Bb7 10.Nc3 Nh5 11.Bc1 f5 12.b3 Rc8 13.Bb2 Qe8 14.e3 g5 15.a4 a5 16.
Ba3 Bxa3 17.Rxa3 Qe7 18.Raa1 Kh8 19.Rac1 Ba6 20.Ne2 Rg8 21.Qd2 Nhf6 22.Rc2
Ne4 1/2-1/2

[Event "Polka Ladies-Veterans"]
[Site "Prague CZE"]
[Date "1995.07.02"]
[Round "2"]
[White "Ioseliani, Nana"]
[Black "Smyslov, Vassily"]
[Result "1/2-1/2"]
[WhiteElo "2475"]
[BlackElo "2565"]
[EventDate "1995.07.01"]
[PlyCount "110"]

1.d4 Nf6 2.c4 e6 3.Nf3 b6 4.e3 Bb7 5.Bd3 d5 6.O-O Bd6 7.b3 O-O 8.Bb2 Ne4 
9.Nc3 f5 10.Rc1 a6 11.Na4 Nd7 12.Ne5 Bxe5 13.dxe5 dxc4 14.Bxc4 Re8 15.f3 
Ng5 16.Be2 Rc8 17.Rc2 Qe7 18.Qc1 b5 19.Nc5 Nxc5 20.Rxc5 Red8 21.Ba3 c6 22.
Rxb5 Nh3+ 23.Kh1 cxb5 24.Qxc8 Bxc8 25.Bxe7 Rd2 26.Re1 Nf2+ 27.Kg1 Nd3 28.
Bxd3 Rxd3 29.Bb4 Bb7 30.Kf2 Rd8 31.Rc1 Rc8 32.Rxc8+ Bxc8 33.Ke2 g5 34.Kd3 
g4 35.fxg4 fxg4 36.g3 Kf7 37.Kd4 Bb7 38.Bd6 Ke8 39.Kc5 Be4 40.Kb6 Bb1 41.
a3 Bd3 42.Kxa6 b4+ 43.Kb6 bxa3 44.Bxa3 Kd7 45.Kc5 h5 46.Kd4 Bc2 47.Kc3 Be4
48.Bd6 Bd5 49.b4 Bc6 50.Kd4 Bb7 51.b5 Ba8 52.Kc5 Be4 53.Kd4 Bb7 54.e4 Ke8 
55.Ba3 Ba8 1/2-1/2

[Event "Polka Ladies-Veterans"]
[Site "Prague CZE"]
[Date "1995.07.03"]
[Round "3"]
[White "Kortschnoj, Viktor"]
[Black "Polgar, Zsuzsa"]
[Result "1/2-1/2"]
[WhiteElo "2635"]
[BlackElo "2565"]
[EventDate "1995.07.01"]
[PlyCount "60"]

1.d4 d5 2.c4 e6 3.Nc3 c6 4.Nf3 dxc4 5.a4 Bb4 6.e4 b5 7.Be2 Nf6 8.Qc2 Bb7 
9.O-O Nbd7 10.e5 Nd5 11.axb5 cxb5 12.Nxb5 a6 13.Nc3 Rc8 14.Nxd5 Bxd5 15.
Rxa6 Nb6 16.Be3 Ra8 17.Rfa1 Rxa6 18.Rxa6 Qb8 19.Bd2 Bxd2 20.Qxd2 O-O 21.
Qb4 Nd7 22.Qa3 Qb5 23.Nd2 Nb8 24.Ra4 Qb6 25.Bxc4 Qxd4 26.Bd3 Qxe5 27.Bxh7+
Kxh7 28.Qxf8 Qg5 29.f3 Qe3+ 30.Kf1 Qd3+ 1/2-1/2

[Event "Polka Ladies-Veterans"]
[Site "Prague CZE"]
[Date "1995.07.05"]
[Round "4"]
[White "Xie Jun"]
[Black "Kortschnoj, Viktor"]
[Result "1/2-1/2"]
[WhiteElo "2540"]
[BlackElo "2635"]
[EventDate "1995.07.01"]
[PlyCount "93"]

1.e4 e6 2.d4 d5 3.Nd2 c5 4.exd5 exd5 5.Bb5+ Bd7 6.Bxd7+ Qxd7 7.Ngf3 Qe6+ 
8.Kf1 Nc6 9.dxc5 Bxc5 10.Nb3 Bb6 11.a4 a5 12.Nbd4 Nxd4 13.Nxd4 Bxd4 14.
Qxd4 Nf6 15.Bg5 O-O 16.Bxf6 gxf6 17.h4 Rac8 18.Re1 Qf5 19.Rh3 Rc4 20.Qd2 
Rxc2 21.Qe3 Rc4 22.Rf3 Qg6 23.h5 Qxh5 24.Rh3 Qg5 25.Rg3 Rg4 26.Qxg5+ Rxg5 
27.Rxg5+ fxg5 28.Re5 Rd8 29.Rxg5+ Kf8 30.Ke2 f6 31.Rh5 Kg7 32.Kd3 Rd6 33.
b3 Kg6 34.g4 Rb6 35.Kc2 Rb4 36.f3 Rf4 37.Rxd5 Rxf3 38.Rxa5 f5 39.gxf5+ 
Rxf5 40.Ra7 Rf7 41.a5 h5 42.a6 bxa6 43.Rxa6+ Kg5 44.Ra8 h4 45.Kd3 h3 46.
Rh8 Kg4 47.Ke2 1/2-1/2

[Event "Polka Ladies-Veterans"]
[Site "Prague CZE"]
[Date "1995.07.05"]
[Round "4"]
[White "Polgar, Zsuzsa"]
[Black "Smyslov, Vassily"]
[Result "1/2-1/2"]
[WhiteElo "2565"]
[BlackElo "2565"]
[EventDate "1995.07.01"]
[PlyCount "110"]

1.d4 Nf6 2.c4 e6 3.Nf3 Bb4+ 4.Bd2 a5 5.g3 b6 6.Bg2 Bb7 7.O-O Bxd2 8.Qxd2 
O-O 9.Nc3 Ne4 10.Qc2 Nxc3 11.Qxc3 d6 12.Qc2 f5 13.c5 Be4 14.Qc3 Na6 15.
cxb6 cxb6 16.Ne1 Nb4 17.Qb3 Qd7 18.a3 Bd5 19.Bxd5 Nxd5 20.Ng2 a4 21.Qd3 
Ra5 22.Rac1 Rb5 23.Rc2 Rb3 24.Qd2 Rc8 25.Rfc1 Rxc2 26.Rxc2 h6 27.Nf4 Nxf4 
28.Qxf4 Kh7 29.h4 e5 30.dxe5 dxe5 31.Qc1 f4 32.Rc7 Qf5 33.Rc3 Qe4 34.gxf4 
exf4 35.Qc2 Qxc2 36.Rxc2 Kg6 37.Kg2 b5 38.f3 Kh5 39.Kh3 g5 40.hxg5 hxg5 
41.Kg2 g4 42.fxg4+ Kxg4 43.Kf2 Kf5 44.Ke1 Ke4 45.Kd2 Kd4 46.Ke1 Rh3 47.Kd2
Rb3 48.Ke1 b4 49.axb4 Rxb4 50.Kd2 Rb3 51.Ke1 Ke3 52.Rd2 Ke4 53.Rc2 Kd4 54.
Kd2 Rb5 55.Ke1 Ke5 1/2-1/2

[Event "Polka Ladies-Veterans"]
[Site "Prague CZE"]
[Date "1995.07.05"]
[Round "4"]
[White "Cramling, Pia"]
[Black "Spassky, Boris"]
[Result "1/2-1/2"]
[WhiteElo "2510"]
[BlackElo "2555"]
[EventDate "1995.07.01"]
[PlyCount "61"]

1.d4 Nf6 2.c4 e6 3.Nf3 d5 4.Nc3 c6 5.Bg5 h6 6.Bxf6 Qxf6 7.e3 Nd7 8.Bd3 g6 
9.cxd5 exd5 10.O-O Bg7 11.b4 Qd6 12.Qb3 Nb6 13.a4 Be6 14.Nd2 O-O 15.Rfc1 
Nd7 16.Ne2 b6 17.Nf4 a5 18.Qc3 Rfc8 19.bxa5 Rxa5 20.Nb3 Ra7 21.a5 c5 22.
axb6 Qxb6 23.Rxa7 Qxa7 24.Bxg6 c4 25.Nd2 Rb8 26.Ra1 Qc7 27.Bc2 Bf8 28.Rb1 
Ra8 29.Ra1 Rb8 30.Rb1 Ra8 31.Ra1 1/2-1/2

[Event "Polka Ladies-Veterans"]
[Site "Prague CZE"]
[Date "1995.07.06"]
[Round "5"]
[White "Portisch, Lajos"]
[Black "Ioseliani, Nana"]
[Result "1/2-1/2"]
[WhiteElo "2615"]
[BlackElo "2475"]
[EventDate "1995.07.01"]
[PlyCount "50"]

1.d4 d5 2.c4 e6 3.Nf3 Nf6 4.Nc3 Be7 5.Bg5 h6 6.Bh4 O-O 7.e3 b6 8.Bd3 Bb7 
9.O-O dxc4 10.Bxc4 Nbd7 11.Qe2 Ne4 12.Nxe4 Bxe4 13.Bg3 Bd6 14.Rfd1 Qe7 15.
Rac1 Bxg3 16.hxg3 c5 17.Nd2 Bb7 18.Bb5 Rac8 19.Ba6 Bxa6 20.Qxa6 Rfd8 21.
Ne4 Nb8 22.Qa3 Qb7 23.Nc3 cxd4 24.Rxd4 Rxd4 25.exd4 Nd7 1/2-1/2

[Event "Polka Ladies-Veterans"]
[Site "Prague CZE"]
[Date "1995.07.07"]
[Round "6"]
[White "Xie Jun"]
[Black "Spassky, Boris"]
[Result "1-0"]
[WhiteElo "2540"]
[BlackElo "2555"]
[EventDate "1995.07.01"]
[PlyCount "69"]

1.e4 c5 2.Nf3 Nc6 3.d4 cxd4 4.Nxd4 Nf6 5.Nc3 d6 6.Be2 g6 7.Nb3 Bg7 8.O-O 
a6 9.Re1 b5 10.Bf1 O-O 11.a4 b4 12.Nd5 e6 13.Nxf6+ Bxf6 14.a5 Bg7 15.Ra2 
Qe7 16.Be3 Bb7 17.Qd2 Rfc8 18.f4 e5 19.f5 gxf5 20.exf5 Kh8 21.Raa1 d5 22.
Bc5 Qf6 23.Bb6 Ne7 24.Nc5 Bc6 25.Nxa6 d4 26.Nxb4 Bh6 27.Qd3 Nxf5 28.Nxc6 
Rxc6 29.Qe4 Be3+ 30.Rxe3 Nxe3 31.Bd3 Kg7 32.b4 Rg8 33.Bc5 Rxc5 34.bxc5 Kf8
35.a6 1-0

[Event "Polka Ladies-Veterans"]
[Site "Prague CZE"]
[Date "1995.07.07"]
[Round "6"]
[White "Ioseliani, Nana"]
[Black "Kortschnoj, Viktor"]
[Result "1/2-1/2"]
[WhiteElo "2475"]
[BlackElo "2635"]
[EventDate "1995.07.01"]
[PlyCount "74"]

1.e4 e6 2.d4 d5 3.Nc3 Nf6 4.Bg5 dxe4 5.Nxe4 Nbd7 6.Nf3 h6 7.Nxf6+ Nxf6 8.
Bh4 c5 9.Bb5+ Bd7 10.Bxd7+ Qxd7 11.dxc5 Bxc5 12.O-O Qxd1 13.Raxd1 Ke7 14.
Bxf6+ gxf6 15.Rd3 Rad8 16.Rfd1 Rxd3 17.Rxd3 Bd6 18.Kf1 f5 19.Nd4 Be5 20.
Nf3 Bd6 21.Nd4 Rc8 22.c3 Be5 23.Ne2 Rc6 24.Ke1 Ra6 25.a3 h5 26.Kd2 h4 27.
g3 hxg3 28.hxg3 Rc6 29.a4 Rc8 30.b3 Bd6 31.Nd4 a5 32.Nc2 Bc5 33.Ne3 Rh8 
34.Ke2 Rh1 35.Rd1 Rh8 36.Nc4 Rh2 37.Ne3 Rh8 1/2-1/2

[Event "Polka Ladies-Veterans"]
[Site "Prague CZE"]
[Date "1995.07.09"]
[Round "7"]
[White "Hort, Vlastimil"]
[Black "Xie Jun"]
[Result "0-1"]
[WhiteElo "2560"]
[BlackElo "2540"]
[EventDate "1995.07.01"]
[PlyCount "70"]

1.e4 e5 2.Nf3 Nc6 3.d4 exd4 4.Nxd4 Nf6 5.Nxc6 bxc6 6.e5 Qe7 7.Qe2 Nd5 8.c4
Ba6 9.b3 Qh4 10.a3 Bc5 11.Bb2 Nf4 12.Qf3 Ne6 13.g3 Ng5 14.Qe2 Qe4 15.Qxe4 
Nxe4 16.f4 Rb8 17.b4 Bf2+ 18.Kd1 Bxg3 19.Rg1 Bxf4 20.Rxg7 Ke7 21.Bg2 Bh6 
22.Bxe4 Bxg7 23.Nd2 f6 24.exf6+ Bxf6 25.Bxf6+ Kxf6 26.Kc2 Rbe8 27.Rf1+ Ke7
28.Rf5 Kd8 29.Bd3 Bc8 30.Ra5 a6 31.Rh5 d6 32.Ne4 Re5 33.Rxe5 dxe5 34.Ng5 
Ke7 35.Bxh7 Rxh7 0-1

[Event "Polka Ladies-Veterans"]
[Site "Prague CZE"]
[Date "1995.07.11"]
[Round "9"]
[White "Hort, Vlastimil"]
[Black "Ioseliani, Nana"]
[Result "1-0"]
[WhiteElo "2560"]
[BlackElo "2475"]
[EventDate "1995.07.01"]
[PlyCount "63"]

1.c4 e6 2.Nc3 d5 3.d4 Be7 4.cxd5 exd5 5.Bf4 c6 6.e3 Bf5 7.g4 Be6 8.Bg2 h5 
9.gxh5 Nf6 10.h6 gxh6 11.Qc2 Qa5 12.Ne2 Na6 13.a3 Ne4 14.O-O Nxc3 15.Nxc3 
Qd8 16.Kh1 Qd7 17.Rac1 Bg5 18.Be5 Rg8 19.Rg1 f6 20.Bg3 h5 21.f4 h4 22.Bf2 
Bg4 23.fxg5 h3 24.Be4 dxe4 25.Qxe4+ Be6 26.gxf6 O-O-O 27.Rxg8 Bxg8 28.Bg3 
Nc7 29.Qf4 Na6 30.Kg1 c5 31.Ne4 Qc6 32.f7 1-0